onanist - ethel cain - Statistics

General Stats
  • This quiz has been taken 13 times
  • The average score is 53 of 66
Answer Stats
Answer % Correct
the
100%
a
90%
found
90%
go
90%
i
90%
i
90%
i
90%
i
90%
in
90%
me
90%
there
90%
there
90%
feels
80%
feels
80%
feels
80%
feels
80%
feels
80%
feels
80%
feels
80%
feels
80%
feels
80%
feels
80%
god
80%
good
80%
good
80%
good
80%
good
80%
good
80%
good
80%
good
80%
good
80%
it
80%
it
80%
it
80%
it
80%
it
80%
it
80%
it
80%
it
80%
it
80%
it
80%
know
80%
know
80%
life
80%
like
80%
long
80%
long
80%
love
80%
to
80%
to
80%
to
80%
want
80%
want
80%
what
80%
wood
80%
agony
70%
astray
70%
before
70%
but
70%
grace
70%
midway
70%
mortal
70%
of
70%
of
70%
such
70%
witness
70%
No matching quizzes found
Score Distribution
Percent of People with Each Score
Percentile by Number Answered
Your Score History
You have not taken this quiz